Concert day (Record no. 40008)

MARC details
000 -LEADER
fixed length control field 00727nam a2200277 i 4500
001 - CONTROL NUMBER
control field C2-0130149
003 - CONTROL NUMBER IDENTIFIER
control field PPAK
005 - DATE AND TIME OF LATEST TRANSACTION
control field 20180727121740.0
008 - FIXED-LENGTH DATA ELEMENTS--GENERAL INFORMATION
fixed length control field 971001s1994 my a|||| ||||| | eng d
020 ## - INTERNATIONAL STANDARD BOOK NUMBER
International Standard Book Number 9676104213
040 ## - CATALOGING SOURCE
Original cataloging agency PPAK
Language of cataloging eng
Transcribing agency PPAK
Description conventions rda
082 04 - DEWEY DECIMAL CLASSIFICATION NUMBER
Classification number 428.6
Edition number 23
090 00 - LOCALLY ASSIGNED LC-TYPE CALL NUMBER (OCLC); LOCAL CALL NUMBER (RLIN)
Classification number (OCLC) (R) ; Classification number, CALL (RLIN) (NR) 428.6
Feature heading TOH
Feature heading K
100 1# - MAIN ENTRY--PERSONAL NAME
Personal name Toh, Janey,
Relator term author
245 10 - TITLE STATEMENT
Title Concert day
264 #1 - PRODUCTION, PUBLICATION, DISTRIBUTION, MANUFACTURE, AND COPYRIGHT NOTICE
Place of production, publication, distribution, manufacture Kuala Lumpur :
Name of producer, publisher, distributor, manufacturer Utusan ,
Date of production, publication, distribution, manufacture, or copyright notice 1994
300 ## - PHYSICAL DESCRIPTION
Extent 24 pages :
Other physical details illustrations ;
Dimensions 21 cm
336 ## - CONTENT TYPE
Source rdacontent
Content type term text
337 ## - MEDIA TYPE
Source rdamedia
Media type term unmediated
338 ## - CARRIER TYPE
Source rdacarrier
Carrier type term volume
490 1# - SERIES STATEMENT
Series statement Zeke & Friends in school
500 ## - GENERAL NOTE
General note Nursery Level
650 10 - SUBJECT ADDED ENTRY--TOPICAL TERM
Topical term or geographic name entry element Readers
830 #0 - SERIES ADDED ENTRY--UNIFORM TITLE
Uniform title Zeke & Friends in school
942 ## - ADDED ENTRY ELEMENTS (KOHA)
-- dc
Koha item type Book
Holdings
Withdrawn Not for loan Current library Shelving location Date acquired Full call number Barcode Date last seen Koha item type Total Checkouts Date last checked out
    Perpustakaan Alor Setar Pinjaman Kanak-kanak 01/10/1997 K 428.6 TOH A00080293 08/05/2018 Book    
    Perpustakaan Alor Setar Pinjaman Kanak-kanak 01/10/1997 K 428.6 TOH A00080294 08/05/2018 Book    
    Perpustakaan Awam Sungai Petani Pinjaman Kanak-kanak 29/12/2003 K 428.6 TOH A00411944 08/05/2018 Book    
    Perpustakaan Awam Sungai Petani Pinjaman Kanak-kanak 22/11/2000 K 428.6 TOH A00428587 08/05/2018 Book    
    Perpustakaan Awam Sungai Petani Pinjaman Kanak-kanak 16/12/2003 K 428.6 TOH A00408767 12/08/2024 Book 1 28/07/2024
    Perpustakaan Jitra Pinjaman Kanak-kanak 14/12/2003 K 428.6 TOH A00833215 08/05/2018 Book    
    Perpustakaan Kulim Pinjaman Kanak-kanak 27/01/2004 K 428.6 TOH A00328687 08/05/2018 Book    
    PD12, Kg. Padang, Baling Pinjaman Kanak-kanak 21/10/1997 K 428.6 TOH A00085651 08/05/2018 Book    
    PD30, Bandar Baru Beris Jaya, Sik Pinjaman Kanak-kanak 16/06/2004 K 428.6 TOH A00314554 08/05/2018 Book